Mots avec Double M - Statistiques

Statistiques générales
  • Ce quiz a été pris 60 fois
  • Le résultat moyen est 11 sur 20
Statistiques - réponses
Définition Réponse % Correct
Ce fruit est sur tous les appareils IPhone Pomme
93%
Département ou résultat d'une addition Somme
91%
Une journée internationale leur est dédiée le 8 mars chaque année Femme
87%
Elle est indispensable pour changer les chaînes à l'écran Télécommande
87%
Gars, garçon, mec, fils Homme
85%
Le radar flashe cette plaque si on commet un excès Immatriculation
81%
Watson, Stone, Raducanu Emma
72%
Mammifère proboscidien proche de l'éléphant Mammouth
70%
La troisième lettre grecque Gamma
69%
Autrement dit c'est le début ou le départ Commencement
61%
Capitale de la Jordanie Amman
59%
Préjudice subi par quelqu'un Dommage
43%
Région à l'est du canton de Berne connue pour son fromage Emmental
39%
Romain, Marion ou Manoir en sont Anagramme
35%
Le plus haut degré qui puisse être atteint Summum
31%
L'Espagne en compte 17 plus deux villes autonomes Communauté
26%
Production lumineuse et mobile de gaz en combustion Flamme
24%
Jeux de société, avec jetons rectangulaires de 1 à 13, 4 couleurs et deux jokers Rummikub
7%
Représentation visuelle bénéficiant d'une reconnaissance immédiate Pictogramme
2%
Boisson allemande très alcoolisée à base de cumin Kummel
0%
Aucun quiz correspondant
Distribution des résultats
% des personnes avec chaque résultat
Percentile par nombre de réponses
Votre historique - résultats
Vous n’avez pas pris ce quiz